[Event "DEM U18 2008"]
[Site "Willingen GER"]
[Date "2008.05.16"]
[Round "8"]
[White "Dann, Matthias"]
[Black "Kölsch, Maximilian"]
[Result "1-0"]
[Termination "normal"]
[Board "5"]
[WhiteElo "2147"]
[BlackElo "2098"]
[PlyCount "129"]
[WhiteFideId "24638056"]
[BlackFideId "24618462"]
[EventCountry "GER"]
[EventRounds "9"]
[EventType "swiss"]
[EventDate "2008.05.10"]

1. e4 c5 2. Nf3 e6 3. d4 cxd4 4. Nxd4 a6 5. Nc3 Qc7 6. Bd3 Nc6 7. Nxc6 dxc6 8.
O-O e5 9. f4 Bd6 10. f5 g6 11. Kh1 b5 12. Bg5 Be7 13. Bxe7 Qxe7 14. Qf3 g5 15.
a4 b4 16. Nd1 Nf6 17. Ne3 h6 18. Nc4 Nd7 19. f6 Qc5 20. Qg3 Kd8 21. Rad1 Re8
22. Be2 Kc7 23. Nd6 Re6 24. Nxc8 Rxc8 25. Bg4 Rce8 26. Bxe6 Rxe6 27. Qd3 Rd6
28. Qxa6 Rd4 29. Rxd4 Qxd4 30. Qd3 Qxd3 31. cxd3 Nc5 32. Rd1 Nxa4 33. Ra1 Nxb2
34. Ra7+ Kd6 35. Rxf7 Ke6 36. Rb7 Kxf6 37. Rxb4 Nxd3 38. Rb6 Nf2+ 39. Kg1 Nxe4
40. Rxc6+ Kg7 41. Re6 Nf6 42. Rxe5 Kg6 43. Ra5 h5 44. Kf2 Ng4+ 45. Kg3 Ne3 46.
Kf3 Nf1 47. h3 Nd2+ 48. Ke2 Ne4 49. Ke3 Ng3 50. Kf3 h4 51. Kg4 Ne4 52. Rb5 Nf6+
53. Kf3 Kh6 54. Ke3 Kg6 55. Ra5 Nh5 56. Ke4 Ng3+ 57. Ke5 Kg7 58. Ke6 Kg6 59.
Ra8 Ne4 60. Ke5 Ng3 61. Rg8+ Kh5 62. Kf6 Ne4+ 63. Kf5 Nd6+ 64. Ke5 Nc4+ 65. Kf6
1-0

[Event "DEM U18 2008"]
[Site "Willingen GER"]
[Date "2008.05.16"]
[Round "8"]
[White "Schlötzer, Waldemar"]
[Black "Wagner, Florian"]
[Result "0-1"]
[Termination "normal"]
[Board "6"]
[WhiteElo "2268"]
[BlackElo "2183"]
[PlyCount "78"]
[WhiteFideId "24602140"]
[BlackFideId "4698118"]
[EventCountry "GER"]
[EventRounds "9"]
[EventType "swiss"]
[EventDate "2008.05.10"]

1. d4 d5 2. c4 c6 3. Nf3 Nf6 4. Nc3 e6 5. e3 Nbd7 6. Bd3 dxc4 7. Bxc4 b5 8. Bd3
a6 9. O-O c5 10. b3 Bb7 11. Bb2 Bd6 12. a4 b4 13. Nb1 O-O 14. Nbd2 cxd4 15.
Nxd4 Nc5 16. Be2 Nfe4 17. Nxe4 Nxe4 18. Bf3 Rc8 19. Qe2 Qb6 20. Rac1 Be7 21.
Rxc8 Rxc8 22. Bxe4 Bxe4 23. Qg4 Bg6 24. Rc1 Rxc1+ 25. Bxc1 Qc5 26. Bd2 Qd5 27.
Be1 h5 28. Qe2 e5 29. Nf3 Qxb3 30. a5 Bd3 31. Qd2 e4 32. Nd4 Qc4 33. Qb2 Bf8
34. h3 Qc5 35. Qa1 Bd6 36. Bd2 Qe5 37. g3 h4 38. Qe1 hxg3 39. fxg3 Qxa5 0-1

[Event "DEM U18 2008"]
[Site "Willingen GER"]
[Date "2008.05.16"]
[Round "8"]
[White "Zeldin, Leonid"]
[Black "Poetsch, Hagen"]
[Result "1/2-1/2"]
[Termination "normal"]
[Board "7"]
[WhiteElo "2068"]
[BlackElo "2267"]
[PlyCount "35"]
[WhiteFideId "24636088"]
[BlackFideId "24615137"]
[EventCountry "GER"]
[EventRounds "9"]
[EventType "swiss"]
[EventDate "2008.05.10"]

1. e4 e6 2. d4 d5 3. exd5 exd5 4. Nf3 Bg4 5. Bd3 Nc6 6. c3 Bd6 7. O-O Nge7 8.
Re1 Qd7 9. Nbd2 O-O-O 10. b4 Ng6 11. Qa4 Nf4 12. Bb5 a6 13. Bxc6 Qxc6 14. Qxc6
bxc6 15. Nb3 Nd3 16. Rd1 Nxc1 17. Rdxc1 Bxf3 18. gxf3 1/2-1/2

[Event "DEM U18 2008"]
[Site "Willingen GER"]
[Date "2008.05.16"]
[Round "8"]
[White "Denisow, Jewgeny"]
[Black "Sergin, Mark"]
[Result "1-0"]
[Termination "normal"]
[Board "8"]
[WhiteElo "2076"]
[BlackElo "2186"]
[PlyCount "73"]
[WhiteFideId "24631116"]
[BlackFideId "24615307"]
[EventCountry "GER"]
[EventRounds "9"]
[EventType "swiss"]
[EventDate "2008.05.10"]

1. e4 c5 2. d4 cxd4 3. c3 dxc3 4. Nxc3 Nc6 5. Nf3 d6 6. Bc4 a6 7. O-O Nf6 8.
Qe2 Bg4 9. Rd1 Qc8 10. Bb3 Ne5 11. Bf4 Bxf3 12. gxf3 Ng6 13. Bg3 e5 14. Rac1
Qh3 15. Qc4 Qe6 16. Ba4+ Kd8 17. Nd5 Nxd5 18. exd5 Qe7 19. Qb4 Rc8 20. Qb6+ Rc7
21. Rd3 Kc8 22. Rxc7+ Qxc7 23. Rc3 Qxc3 24. bxc3 Be7 25. Qb1 Rf8 26. Qf5+ Kb8
27. f4 Bf6 28. fxe5 Nxe5 29. Bxe5 Bxe5 30. c4 Rc8 31. Bb3 b5 32. cxb5 axb5 33.
Qxf7 h6 34. f4 Bd4+ 35. Kg2 Rc1 36. Qe8+ Kc7 37. Qe7+ 1-0

[Event "DEM U18 2008"]
[Site "Willingen GER"]
[Date "2008.05.16"]
[Round "8"]
[White "Czybik, Nils Patrick"]
[Black "Tereick, Benjamin"]
[Result "0-1"]
[Termination "normal"]
[Board "9"]
[BlackTitle "FM"]
[WhiteElo "2072"]
[BlackElo "2379"]
[PlyCount "139"]
[WhiteFideId "24632040"]
[BlackFideId "24607541"]
[EventCountry "GER"]
[EventRounds "9"]
[EventType "swiss"]
[EventDate "2008.05.10"]

1. Nf3 c5 2. c4 g6 3. e4 Bg7 4. d4 d6 5. dxc5 dxc5 6. Qxd8+ Kxd8 7. Nc3 Bxc3+
8. bxc3 Nc6 9. Be3 b6 10. Be2 h6 11. Nd2 Nf6 12. f4 Bg4 13. Bd3 Be6 14. Rf1 g5
15. h3 gxf4 16. Bxf4 Nd7 17. O-O-O Nde5 18. Be2 Kc8 19. g4 Kb7 20. Rg1 f6 21.
Kc2 Rag8 22. Rdf1 Kc8 23. Rd1 Rg7 24. Rh1 Bf7 25. Rhg1 h5 26. gxh5 Rxg1 27.
Rxg1 Bxh5 28. Bf1 Bf7 29. Rh1 Be6 30. Rh2 Kd7 31. Kd1 Rh5 32. Ke1 Na5 33. Be2
Rxh3 34. Rxh3 Bxh3 35. Bxe5 fxe5 36. Kf2 Be6 37. a3 Kc7 38. Ke3 Kd8 39. Kd3 Ke8
40. Ke3 Kf8 41. Bf1 Kg7 42. Be2 Kf6 43. Bf1 Nb7 44. Be2 Nd6 45. Bf1 Bg4 46. Bd3
Bd1 47. Bf1 Nf7 48. Bh3 Nh6 49. Nf1 Kg5 50. Bd7 Ng4+ 51. Bxg4 Bxg4 52. Ng3 Be6
53. Ne2 Bxc4 54. Ng1 Kf6 55. Nf3 Bf7 56. Kd3 Bh5 57. Nd2 Ke6 58. Nc4 b5 59. Na5
c4+ 60. Ke3 Kd6 61. Nb7+ Kc6 62. Nd8+ Kb6 63. Ne6 Ka5 64. Nc7 Bf7 65. Nd5 Bxd5
66. exd5 Ka4 67. Ke4 Kb3 68. Kxe5 Kxc3 69. Ke6 Kd4 70. a4 0-1

[Event "DEM U18 2008"]
[Site "Willingen GER"]
[Date "2008.05.16"]
[Round "8"]
[White "Wendling, Hannes"]
[Black "Heyder, Florian"]
[Result "1/2-1/2"]
[Termination "normal"]
[Board "10"]
[WhiteElo "2127"]
[BlackElo "2067"]
[PlyCount "39"]
[WhiteFideId "24624284"]
[EventCountry "GER"]
[EventRounds "9"]
[EventType "swiss"]
[EventDate "2008.05.10"]

1. d4 Nf6 2. Nf3 e6 3. e3 b6 4. Bd3 Bb7 5. Nbd2 c5 6. b3 Be7 7. O-O Nc6 8. a3
O-O 9. Bb2 Rc8 10. Rc1 Re8 11. c4 cxd4 12. exd4 d5 13. c5 a5 14. Bb5 Nd7 15.
Bxc6 Bxc6 16. b4 Bf6 17. Re1 axb4 18. axb4 bxc5 19. bxc5 Qc7 20. Qc2 1/2-1/2

[Event "DEM U18 2008"]
[Site "Willingen GER"]
[Date "2008.05.16"]
[Round "8"]
[White "Glantz, Robert"]
[Black "Daug, Jörn-Henning"]
[Result "1-0"]
[Termination "normal"]
[Board "11"]
[WhiteElo "2101"]
[BlackElo "1734"]
[PlyCount "87"]
[WhiteFideId "24629596"]
[BlackFideId "24616974"]
[EventCountry "GER"]
[EventRounds "9"]
[EventType "swiss"]
[EventDate "2008.05.10"]

1. e4 c5 2. Nf3 Nc6 3. Bb5 e6 4. O-O a6 5. Bxc6 bxc6 6. d3 Be7 7. Re1 d5 8. Nc3
Nf6 9. Qe2 Qc7 10. b3 O-O 11. Bd2 d4 12. Na4 e5 13. h3 Nd7 14. Rac1 f6 15. Nh4
g6 16. Bh6 Rf7 17. Qg4 Bf8 18. Bxf8 Kxf8 19. Qg3 Qd6 20. Nf3 c4 21. dxc4 c5 22.
Rcd1 Nb6 23. Nxb6 Qxb6 24. Re2 Bb7 25. Ne1 a5 26. a4 Re8 27. Nd3 Qc6 28. Rde1
Rfe7 29. f4 exf4 30. Qxf4 Kg8 31. Qf2 Ba8 32. e5 Rf7 33. exf6 Rxe2 34. Qxe2
Rxf6 35. Qe8+ Kg7 36. Qxc6 Bxc6 37. Nxc5 Ba8 38. Ne6+ Kf7 39. Nxd4 Rd6 40. c3
Kf6 41. Kf2 Rb6 42. Re8 Bb7 43. c5 Ra6 44. c6 1-0

[Event "DEM U18 2008"]
[Site "Willingen GER"]
[Date "2008.05.16"]
[Round "8"]
[White "Stips, Felix"]
[Black "Müller, Reinhold"]
[Result "0-1"]
[Termination "normal"]
[Board "12"]
[WhiteElo "2095"]
[BlackElo "2172"]
[PlyCount "86"]
[WhiteFideId "825263"]
[BlackFideId "24605875"]
[EventCountry "GER"]
[EventRounds "9"]
[EventType "swiss"]
[EventDate "2008.05.10"]

1. Nf3 Nf6 2. c4 b6 3. Nc3 Bb7 4. d4 e6 5. a3 Be7 6. d5 O-O 7. e4 exd5 8. cxd5
Re8 9. Bd3 c6 10. O-O cxd5 11. exd5 d6 12. h3 Nbd7 13. Bf4 a6 14. Re1 b5 15.
Bc2 Nb6 16. Qd3 Nbxd5 17. Nxd5 Bxd5 18. Rad1 Rc8 19. Rd2 h6 20. Nd4 Bf8 21.
Rxe8 Qxe8 22. Re2 Qd7 23. Re3 Re8 24. Rxe8 Qxe8 25. f3 Qe1+ 26. Kh2 Bc4 27. Qd2
Qxd2 28. Bxd2 Nd7 29. Nc6 Bd5 30. Nb4 Bb7 31. Be4 Bxe4 32. fxe4 Nc5 33. Be3 f6
34. Kg1 Kf7 35. Kf1 Ke6 36. Ke2 Nxe4 37. Nxa6 Kd7 38. Nb4 f5 39. g4 g6 40. gxf5
gxf5 41. Nc2 Bg7 42. Bd4 Be5 43. b3 Nc5 0-1

[Event "DEM U18 2008"]
[Site "Willingen GER"]
[Date "2008.05.16"]
[Round "8"]
[White "Holgert, Michael"]
[Black "Farmani Anosheh, Armin"]
[Result "0-1"]
[Termination "normal"]
[Board "13"]
[WhiteElo "2004"]
[BlackElo "2168"]
[PlyCount "78"]
[WhiteFideId "24668990"]
[BlackFideId "24613240"]
[EventCountry "GER"]
[EventRounds "9"]
[EventType "swiss"]
[EventDate "2008.05.10"]

1. d4 Nf6 2. Nf3 c5 3. dxc5 e6 4. g3 Bxc5 5. Bg2 Nc6 6. O-O d5 7. c4 h6 8. a3
a5 9. cxd5 exd5 10. Qc2 Qe7 11. Nc3 O-O 12. b3 Bg4 13. Bb2 Rad8 14. Nb5 Ne4 15.
Nbd4 Rc8 16. Nxc6 Rxc6 17. Qd3 Re6 18. Nd4 Bxe2 19. Qxe2 Bxd4 20. Bxd4 Nxg3 21.
Qb2 Nxf1 22. Rxf1 Rg6 23. Kh1 Qg5 24. f4 Qf5 25. Qb1 Qh5 26. Be5 Rd8 27. Qd1
Qf5 28. Rf2 Re6 29. Rd2 f6 30. Bc3 Kh8 31. Bxa5 Rde8 32. Rxd5 Qxf4 33. Rd8 Rxd8
34. Qxd8+ Kh7 35. Qd3+ f5 36. Bd2 Qf2 37. Bh3 Rg6 38. Qb1 Qf3+ 39. Bg2 Qxg2#
0-1

[Event "DEM U18 2008"]
[Site "Willingen GER"]
[Date "2008.05.17"]
[Round "9"]
[White "Lichmann, Peter"]
[Black "Dinger, Florian"]
[Result "1/2-1/2"]
[Termination "normal"]
[Board "1"]
[BlackTitle "FM"]
[WhiteElo "2355"]
[BlackElo "2340"]
[PlyCount "76"]
[WhiteFideId "14111268"]
[BlackFideId "24605573"]
[EventCountry "GER"]
[EventRounds "9"]
[EventType "swiss"]
[EventDate "2008.05.10"]

1. e4 c5 2. Nf3 d6 3. d4 cxd4 4. Nxd4 Nf6 5. Nc3 a6 6. Bc4 e6 7. Bb3 Nbd7 8.
O-O Nc5 9. f4 Be7 10. e5 dxe5 11. fxe5 Nxb3 12. axb3 Bc5 13. Be3 Nd5 14. Qf3
O-O 15. Nxd5 Qxd5 16. Qxd5 exd5 17. c3 Re8 18. Bf4 Bf5 19. Ra5 Bb6 20. Ra4 Bd7
21. Raa1 Bxd4+ 22. cxd4 Rac8 23. Rac1 Bb5 24. Rxc8 Rxc8 25. Rc1 Rxc1+ 26. Bxc1
Kf8 27. Kf2 Bd3 28. Ke3 Bc2 29. b4 Ke7 30. b5 a5 31. b6 Kd7 32. Bd2 Kc6 33.
Bxa5 Kb5 34. Bc3 Kxb6 35. Bb4 Kb5 36. Bf8 g6 37. b4 h5 38. h4 b6 1/2-1/2

[Event "DEM U18 2008"]
[Site "Willingen GER"]
[Date "2008.05.17"]
[Round "9"]
[White "Rudolf, Sebastian"]
[Black "Carlstedt, Jonathan"]
[Result "0-1"]
[Termination "normal"]
[Board "2"]
[WhiteElo "2132"]
[BlackElo "2179"]
[PlyCount "139"]
[WhiteFideId "24609390"]
[BlackFideId "24614386"]
[EventCountry "GER"]
[EventRounds "9"]
[EventType "swiss"]
[EventDate "2008.05.10"]

1. e4 c5 2. Nf3 d6 3. d4 cxd4 4. Nxd4 Nf6 5. Nc3 g6 6. Be3 Bg7 7. f3 Nc6 8. Bc4
O-O 9. Qd2 Bd7 10. Bb3 Na5 11. O-O-O Rb8 12. Kb1 b5 13. Nd5 Nc4 14. Bxc4 bxc4
15. h4 Nxd5 16. exd5 Qb6 17. c3 Qa5 18. g4 Qxd5 19. Bh6 Bxh6 20. Qxh6 f6 21.
Qe3 Qb7 22. Rd2 e5 23. Ne2 Bxg4 24. Rf1 Bf5+ 25. Ka1 Bd3 26. Rfd1 d5 27. f4
Rfe8 28. f5 Bxf5 29. h5 Bg4 30. hxg6 hxg6 31. Rg1 f5 32. Qg5 Kf7 33. Rh1 Rh8
34. Rf1 Kg7 35. Ng3 Rh3 36. Rg1 Qf7 37. Qe3 Kf6 38. Qc5 Rd8 39. Rf2 Rdh8 40.
Nf1 Rd3 41. Ne3 Bh5 42. a3 Qd7 43. Nc2 Rc8 44. Qa5 Qc7 45. Qa6+ Qc6 46. Qxa7
Qc5 47. Qa6+ Rc6 48. Qa8 Kg7 49. Qe8 Rf6 50. Rfg2 d4 51. Qd7+ Rf7 52. Qe6 dxc3
53. bxc3 Rf6 54. Qe8 Rxc3 55. Rh1 Rf8 56. Qd7+ Rf7 57. Qe8 Kf6 58. Qh8+ Ke7 59.
Qa8 Qc7 60. Nb4 Bf3 61. Nd5+ Bxd5 62. Qxd5 Rxa3+ 63. Kb2 Rd3 64. Qa8 Qb6+ 65.
Kc1 Rc3+ 66. Rc2 Qe3+ 67. Kb1 Rb3+ 68. Ka2 Qb6 69. Rh8 Kf6 70. Rc1 0-1

[Event "DEM U18 2008"]
[Site "Willingen GER"]
[Date "2008.05.17"]
[Round "9"]
[White "Baldauf, Marco"]
[Black "Savchenko, Aleksij"]
[Result "1-0"]
[Termination "normal"]
[Board "3"]
[WhiteElo "2240"]
[BlackElo "2163"]
[PlyCount "63"]
[WhiteFideId "4688210"]
[BlackFideId "24611727"]
[EventCountry "GER"]
[EventRounds "9"]
[EventType "swiss"]
[EventDate "2008.05.10"]

1. e4 c5 2. Nf3 d6 3. d4 cxd4 4. Nxd4 Nf6 5. Nc3 a6 6. Bg5 e6 7. f4 Qc7 8. Qf3
Nbd7 9. O-O-O Be7 10. g4 b5 11. Bxf6 Nxf6 12. g5 Nd7 13. f5 Bxg5+ 14. Kb1 Ne5
15. Qh5 Qd8 16. h4 Bf6 17. fxe6 g6 18. exf7+ Kxf7 19. Qh6 Qf8 20. Qd2 h5 21.
Nd5 Kg7 22. Bh3 Nc4 23. Qd3 Bxh3 24. Rxh3 Qc8 25. Rg3 Be5 26. Rxg6+ Kxg6 27.
Ne7+ Kh7 28. Nxc8 Raxc8 29. Qf3 Bxd4 30. Rxd4 Rc5 31. Qf7+ Kh6 32. b3 1-0

[Event "DEM U18 2008"]
[Site "Willingen GER"]
[Date "2008.05.17"]
[Round "9"]
[White "Wagner, Florian"]
[Black "Beck, Frederik"]
[Result "1-0"]
[Termination "normal"]
[Board "4"]
[BlackTitle "FM"]
[WhiteElo "2183"]
[BlackElo "2315"]
[PlyCount "93"]
[WhiteFideId "4698118"]
[BlackFideId "4687388"]
[EventCountry "GER"]
[EventRounds "9"]
[EventType "swiss"]
[EventDate "2008.05.10"]

1. e4 c5 2. Nf3 e6 3. b3 a6 4. Bb2 Nc6 5. c4 Qc7 6. g3 Nf6 7. Nc3 Rb8 8. d4
cxd4 9. Nxd4 Bb4 10. Nxc6 dxc6 11. Bg2 e5 12. O-O O-O 13. h3 b5 14. a3 Bc5 15.
cxb5 axb5 16. Ne2 Be6 17. Qc2 Nd7 18. Kh2 f6 19. Nc1 Ba7 20. Nd3 c5 21. Nb4 Qb7
22. Nd5 Nb6 23. Rad1 Rfd8 24. f4 Nd7 25. fxe5 fxe5 26. Ne7+ Kh8 27. Rd6 Nf8 28.
Nf5 Rxd6 29. Nxd6 Qe7 30. Bxe5 Rd8 31. Nxb5 Bb6 32. Bb2 Ng6 33. Nc3 Qf6 34. Bc1
Qe7 35. Nd5 Bxd5 36. exd5 c4 37. Bb2 Rb8 38. Qc3 Bc5 39. Qc2 Bd6 40. Be4 Qh4
41. Qc3 Bxg3+ 42. Qxg3 Qxg3+ 43. Kxg3 Rxb3+ 44. Bf3 Rxb2 45. d6 c3 46. d7 Rb8
47. Re1 1-0

[Event "DEM U18 2008"]
[Site "Willingen GER"]
[Date "2008.05.17"]
[Round "9"]
[White "Dann, Matthias"]
[Black "Denisow, Jewgeny"]
[Result "1-0"]
[Termination "normal"]
[Board "5"]
[WhiteElo "2147"]
[BlackElo "2076"]
[PlyCount "89"]
[WhiteFideId "24638056"]
[BlackFideId "24631116"]
[EventCountry "GER"]
[EventRounds "9"]
[EventType "swiss"]
[EventDate "2008.05.10"]

1. e4 e5 2. Nf3 d6 3. d4 exd4 4. Nxd4 Nf6 5. Nc3 Be7 6. g3 Bg4 7. f3 Bd7 8. Bg2
Nc6 9. Be3 O-O 10. O-O Re8 11. h3 Bf8 12. Qd2 a6 13. g4 b5 14. Rfe1 Qc8 15. Nf5
g6 16. Nh6+ Bxh6 17. Bxh6 Re6 18. Nd5 Ne8 19. f4 Qd8 20. f5 Re5 21. Bf4 Rc8 22.
Rf1 f6 23. g5 gxf5 24. Bxe5 Nxe5 25. gxf6 Nxf6 26. exf5 c6 27. Qg5+ Kf7 28.
Nxf6 Qxf6 29. Qxf6+ Kxf6 30. Rad1 Nc4 31. Rd3 d5 32. b3 Nd6 33. Bxd5 cxd5 34.
Rxd5 Rc6 35. Rfd1 Ke7 36. f6+ Ke6 37. f7 Nxf7 38. Rxd7 Rxc2 39. R7d2 Rc3 40.
Kg2 Kf6 41. Rf1+ Kg6 42. Rf3 Rc6 43. Rg3+ Kf6 44. Rf2+ Ke6 45. Rg7 1-0

[Event "DEM U18 2008"]
[Site "Willingen GER"]
[Date "2008.05.17"]
[Round "9"]
[White "Tereick, Benjamin"]
[Black "Glantz, Robert"]
[Result "1-0"]
[Termination "normal"]
[Board "6"]
[WhiteTitle "FM"]
[WhiteElo "2379"]
[BlackElo "2101"]
[PlyCount "103"]
[WhiteFideId "24607541"]
[BlackFideId "24629596"]
[EventCountry "GER"]
[EventRounds "9"]
[EventType "swiss"]
[EventDate "2008.05.10"]

1. Nf3 Nf6 2. c4 g6 3. Nc3 Bg7 4. e4 d6 5. d4 O-O 6. Be2 e5 7. Be3 Ng4 8. Bg5
f6 9. Bc1 f5 10. h3 Nxf2 11. Kxf2 fxe4 12. Nxe4 Qh4+ 13. Kg1 Qxe4 14. d5 Qf5
15. Be3 c5 16. Ng5 Bh6 17. Qd2 Qd7 18. Kh2 Qe7 19. Rhf1 Nd7 20. Rxf8+ Nxf8 21.
Rf1 Bg7 22. Ne4 Bf5 23. Bg5 Qc7 24. Nf6+ Bxf6 25. Bxf6 Nd7 26. Bg5 Nb6 27. g4
Bd7 28. Bh6 Re8 29. Qg5 Qd8 30. Rf6 Kh8 31. Rxd6 Qxg5 32. Bxg5 Kg7 33. Be3 Re7
34. g5 Na4 35. b3 Nc3 36. Bg4 Bxg4 37. hxg4 Ne4 38. Rd8 b6 39. Kg2 Nc3 40. a4
Rb7 41. Bg1 Ne2 42. Bh2 e4 43. Be5+ Kf7 44. Rh8 Rd7 45. Rxh7+ Ke8 46. Rh8+ Kf7
47. Kf2 Nc1 48. Ke3 Nxb3 49. Bc3 Re7 50. Rh1 Na5 51. Bxa5 bxa5 52. Rh7+ 1-0

[Event "DEM U18 2008"]
[Site "Willingen GER"]
[Date "2008.05.17"]
[Round "9"]
[White "Poetsch, Hagen"]
[Black "Borrink, Jörn"]
[Result "1/2-1/2"]
[Termination "normal"]
[Board "7"]
[WhiteElo "2267"]
[BlackElo "2071"]
[PlyCount "106"]
[WhiteFideId "24615137"]
[BlackFideId "24629359"]
[EventCountry "GER"]
[EventRounds "9"]
[EventType "swiss"]
[EventDate "2008.05.10"]

1. e4 c6 2. d4 d5 3. exd5 cxd5 4. Bd3 Nc6 5. c3 Nf6 6. Bf4 Bg4 7. Qb3 Qc8 8.
Nd2 e6 9. Ngf3 Bh5 10. Ne5 Bg6 11. Nxg6 hxg6 12. h3 Nh5 13. Bh2 g5 14. Nf3 Nf4
15. Bxf4 gxf4 16. O-O-O a6 17. Rde1 Be7 18. h4 Qc7 19. Kb1 b5 20. Ng5 Bxg5 21.
hxg5 Kd7 22. g6 Rxh1 23. Rxh1 f6 24. Rh7 Rg8 25. Qa3 Qb6 26. Rxg7+ Rxg7 27. Qf8
Rxg6 28. Bxg6 Qd8 29. Qg7+ Qe7 30. Qg8 Qd8 31. Qh7+ Qe7 32. Qg8 Qd8 33. Qg7+
Qe7 34. Qg8 Nd8 35. Bd3 Kc6 36. Qg4 Qd6 37. Qg7 Kb6 38. Qxf6 a5 39. b3 Nc6 40.
Bf5 b4 41. Qxe6 Qxe6 42. Bxe6 bxc3 43. Bxd5 Nxd4 44. Be4 Kc5 45. g4 fxg3 46.
fxg3 Kd6 47. Bc2 Ke5 48. a3 Ne2 49. g4 Kf4 50. b4 axb4 51. axb4 Nd4 52. Bd1 c2+
53. Bxc2 Kxg4 1/2-1/2

[Event "DEM U18 2008"]
[Site "Willingen GER"]
[Date "2008.05.17"]
[Round "9"]
[White "Kölsch, Maximilian"]
[Black "Zeldin, Leonid"]
[Result "1-0"]
[Termination "normal"]
[Board "8"]
[WhiteElo "2098"]
[BlackElo "2068"]
[PlyCount "87"]
[WhiteFideId "24618462"]
[BlackFideId "24636088"]
[EventCountry "GER"]
[EventRounds "9"]
[EventType "swiss"]
[EventDate "2008.05.10"]

1. d4 Nf6 2. c4 e6 3. Nf3 b6 4. a3 Ba6 5. Qc2 Be7 6. g3 O-O 7. Bg2 c6 8. O-O d5
9. Nbd2 Nbd7 10. Rd1 Rc8 11. b4 dxc4 12. Nxc4 c5 13. dxc5 bxc5 14. Nce5 cxb4
15. Qa4 Nb6 16. Rxd8 Nxa4 17. Rxc8 Rxc8 18. axb4 Bxe2 19. Nd4 Nc3 20. Nec6 Bf8
21. Bb2 Nd1 22. Ba3 Bh5 23. b5 Nc3 24. Nxa7 Rb8 25. Nac6 Rxb5 26. Nxb5 Nxb5 27.
Bxf8 Kxf8 28. Ra8+ Ne8 29. Ne5 Nbc7 30. Ra5 Bg6 31. Bc6 Ke7 32. f4 f6 33. Nxg6+
hxg6 34. Ra7 Kf8 35. Rb7 Kg8 36. Kf2 Kf8 37. Ke3 e5 38. fxe5 fxe5 39. Ra7 Kg8
40. Ke4 Kf8 41. Kxe5 Kg8 42. h4 Kf8 43. Bxe8 Nxe8 44. Ke6 1-0

[Event "DEM U18 2008"]
[Site "Willingen GER"]
[Date "2008.05.17"]
[Round "9"]
[White "Müller, Reinhold"]
[Black "Heyder, Florian"]
[Result "1-0"]
[Termination "normal"]
[Board "9"]
[WhiteElo "2172"]
[BlackElo "2067"]
[PlyCount "85"]
[WhiteFideId "24605875"]
[EventCountry "GER"]
[EventRounds "9"]
[EventType "swiss"]
[EventDate "2008.05.10"]

1. d4 Nf6 2. c4 e6 3. Nf3 b6 4. g3 Bb7 5. Bg2 Be7 6. O-O O-O 7. Nc3 d6 8. Qc2
c5 9. d5 e5 10. e4 Bc8 11. a3 Ne8 12. b4 f5 13. bxc5 bxc5 14. exf5 Bxf5 15. Ne4
Qc8 16. Be3 Nf6 17. Nfd2 Ng4 18. Qc3 Nxe3 19. fxe3 Nd7 20. Rf2 Qa6 21. Raf1 Bg4
22. Qd3 Nb6 23. Rxf8+ Rxf8 24. Rxf8+ Kxf8 25. Nf2 Bd7 26. Qxh7 Qxa3 27. Qh8+
Kf7 28. Bf3 Bf5 29. Bh5+ g6 30. Qh7+ Kf8 31. e4 gxh5 32. exf5 Qc1+ 33. Nf1 Nd7
34. Qh8+ Kf7 35. Qxh5+ Kf8 36. Qh8+ Kf7 37. Ng4 Bf8 38. Qh7+ Ke8 39. Qg6+ Kd8
40. Nf6 Nxf6 41. Qxf6+ Ke8 42. Qe6+ Kd8 43. Qf7 1-0

[Event "DEM U18 2008"]
[Site "Willingen GER"]
[Date "2008.05.17"]
[Round "9"]
[White "Farmani Anosheh, Armin"]
[Black "Wendling, Hannes"]
[Result "1/2-1/2"]
[Termination "normal"]
[Board "10"]
[WhiteElo "2168"]
[BlackElo "2127"]
[PlyCount "51"]
[WhiteFideId "24613240"]
[BlackFideId "24624284"]
[EventCountry "GER"]
[EventRounds "9"]
[EventType "swiss"]
[EventDate "2008.05.10"]

1. d4 d5 2. c4 e6 3. Nc3 Nf6 4. cxd5 exd5 5. Bg5 Nbd7 6. e3 Be7 7. Bd3 c6 8.
Nge2 h6 9. Bf4 Nh5 10. Bg3 O-O 11. Qc2 a6 12. O-O Nxg3 13. Nxg3 Bd6 14. Rab1
Nf6 15. b4 Ng4 16. Be2 Qh4 17. Bxg4 Qxg4 18. Qe2 Qg6 19. a4 Bg4 20. f3 Bxg3 21.
fxg4 Bh4 22. Rf5 Rfe8 23. e4 dxe4 24. Nxe4 Qe6 25. Re5 Qd7 26. Rd1 1/2-1/2

[Event "DEM U18 2008"]
[Site "Willingen GER"]
[Date "2008.05.17"]
[Round "9"]
[White "Daug, Jörn-Henning"]
[Black "Schlötzer, Waldemar"]
[Result "1/2-1/2"]
[Termination "normal"]
[Board "11"]
[WhiteElo "1734"]
[BlackElo "2268"]
[PlyCount "154"]
[WhiteFideId "24616974"]
[BlackFideId "24602140"]
[EventCountry "GER"]
[EventRounds "9"]
[EventType "swiss"]
[EventDate "2008.05.10"]

1. d4 Nf6 2. c4 e6 3. Nf3 d5 4. Nc3 Be7 5. Bf4 O-O 6. e3 c5 7. Be2 Nc6 8. O-O
a6 9. h3 dxc4 10. Bxc4 b5 11. Bb3 Bb7 12. dxc5 Bxc5 13. a3 Qb6 14. Qe2 Rac8 15.
Ba2 Ne7 16. Rac1 Ng6 17. Bh2 Bc6 18. Rfd1 Rfd8 19. Bb1 a5 20. Ne5 Nxe5 21. Bxe5
Be7 22. Rd4 Rxd4 23. exd4 Bd5 24. Kh2 Bc4 25. Qf3 Rd8 26. Ne4 Nxe4 27. Qxe4 f5
28. Qf4 Bd6 29. Qg5 Bxe5+ 30. dxe5 Qd4 31. f4 h6 32. Qg3 Qxb2 33. Qc3 Qf2 34.
Qg3 Qd2 35. Rc3 Qb2 36. Qh4 Qxc3 37. Qxd8+ Kh7 38. Qf8 Bd3 39. Ba2 Qd2 40. Bxe6
Qxf4+ 41. Kh1 Qxe5 42. Bf7 h5 43. Qg8+ Kh6 44. Qh8+ Kg5 45. Qxh5+ Kf6 46. Be8
Bc4 47. a4 Qg3 48. Qd1 Ke5 49. axb5 Bd5 50. Qe2+ Kd6 51. Bc6 Qxh3+ 52. Kg1 Qc3
53. Bxd5 Qd4+ 54. Kh1 Qxd5 55. Qe8 Kc5 56. Qe7+ Kxb5 57. Qxg7 Kc4 58. Qa1 Kd3
59. Qd1+ Ke4 60. Qf3+ Kd4 61. Qd1+ Kc4 62. Qc2+ Kb5 63. Qb2+ Ka4 64. Qa1+ Kb3
65. Qb1+ Ka4 66. Qa1+ Kb5 67. Qb2+ Ka6 68. Qf6+ Kb7 69. Qg7+ Kb6 70. Qf6+ Qc6
71. Qb2+ Qb5 72. Qf6+ Kc5 73. Qxf5+ Kb4 74. Qb1+ Ka4 75. Qa2+ Kb4 76. Qb2+ Kc4
77. Qc2+ Kb4 1/2-1/2

[Event "DEM U18 2008"]
[Site "Willingen GER"]
[Date "2008.05.17"]
[Round "9"]
[White "Sergin, Mark"]
[Black "Stips, Felix"]
[Result "1-0"]
[Termination "normal"]
[Board "12"]
[WhiteElo "2186"]
[BlackElo "2095"]
[PlyCount "47"]
[WhiteFideId "24615307"]
[BlackFideId "825263"]
[EventCountry "GER"]
[EventRounds "9"]
[EventType "swiss"]
[EventDate "2008.05.10"]

1. e4 c5 2. Nf3 d6 3. d4 cxd4 4. Nxd4 Nf6 5. Nc3 a6 6. Bc4 e6 7. O-O Be7 8. Re1
O-O 9. Bb3 Nbd7 10. Qf3 Nc5 11. Qg3 Kh8 12. Bg5 h6 13. Qh3 Kh7 14. Rad1 Bd7 15.
f4 Nxb3 16. axb3 b5 17. e5 dxe5 18. fxe5 Nd5 19. Bxe7 Qxe7 20. Ne4 f6 21. exf6
gxf6 22. Nf5 Qf7 23. Qxh6+ Kg8 24. Rd3 1-0